| 000 | 00391nam a22001577a 4500 | ||
|---|---|---|---|
| 003 | OSt | ||
| 005 | 20211027160107.0 | ||
| 008 | 211027b |||||||| |||| 00| 0 eng d | ||
| 020 | _a0080441033 | ||
| 040 |
_aHU _cDDC |
||
| 082 | _a363.731 | ||
| 245 | _aHAND BOOK OF TRANSPORT&THE ENVIROMENT VOL.4 | ||
| 260 |
_aAMSTERDAM _bELSEVIER _c2003 |
||
| 300 | _axxv,814,P,39CM | ||
| 942 |
_2ddc _cBOOKS _n0 |
||
| 999 |
_c15336 _d15336 |
||